Größte Österreichische Gemeinden - W - Statistiken

Allgemein
  • Dieses Quiz wurde 29 mal gespielt
  • Das Durchschnittsergebnis liegt bei 4 aus 8
Antwortstatistiken
Hint Antwort % Korrekt
1.897.000 Wien
100%
64.579 Wels
88%
47.878 Wiener Neustadt
80%
25.133 Wolfsberg
52%
14.403 Wörgl
36%
11.952 Weiz
32%
11.126 Waidhofen an der Ybbs
28%
14.246 Wals-Siezenheim
8%
Keine übereinstimmenden Quizze gefunden
Verteilung der Resultate
Anzahl Personen mit jedem Resultat
Perzentil nach korrekt beantworteten Fragen
Ihre Resultats-Entwicklung
Sie haben dieses Quiz noch nicht gespielt